Kvantitatívne uvoľňovanie monetárnej politiky Európskej centrálnej banky

Expanzívna monetárna politika ako nástroj na oživenie ekonomického rastu. Jedným z neštandardných nástrojov v rámci tejto hospodárskej politiky je kvantitatívne uvoľňovanie, kedy príslušná centrálna banka nakupuje aktíva s cieľom zvyšovania peňažnej zásoby. Tento nástroj je v súčasnosti využívaný aj...

Descripción completa

Guardado en:
Detalles Bibliográficos
Autor principal: Meheš, Marek
Otros Autores: Stašková, Slavomíra, 1989-
Formato: Capítulo de libro
Lenguaje:eslovaco
Materias:
Etiquetas: Agregar Etiqueta
Sin Etiquetas, Sea el primero en etiquetar este registro!

MARC

LEADER 00000nla a2200000 4500
001 0239385
005 20240502073858.6
041 0 |a slo 
044 |a SK 
245 1 0 |a Kvantitatívne uvoľňovanie monetárnej politiky Európskej centrálnej banky  |c Marek Meheš, Slavomíra Stašková 
520 |a Expanzívna monetárna politika ako nástroj na oživenie ekonomického rastu. Jedným z neštandardných nástrojov v rámci tejto hospodárskej politiky je kvantitatívne uvoľňovanie, kedy príslušná centrálna banka nakupuje aktíva s cieľom zvyšovania peňažnej zásoby. Tento nástroj je v súčasnosti využívaný aj Európskou centrálnou bankou, ktorá ním sleduje dosiahnutie dlhodobého inflačného cieľa so súčasným oživením európskych ekonomík po hospodárskej kríze. 
610 2 0 |a banky centrálne 
610 2 0 |a politika peňažná 
610 2 0 |a nákup 
610 2 0 |a papiere cenné 
610 2 0 |a dlhopisy 
100 1 |a Meheš, Marek 
700 1 |a Stašková, Slavomíra, 1989-